[Event "SG Turm Raesfeld/Erle 1 - SF Olfen 1"]
[Site "Regionalliga 2016/2017"]
[Date "2016.11.19"]
[Round "3.1"]
[White "Koke, Christoph"]
[Black "Wilger, Frank"]
[Result "0-1"]
[WhiteElo "2073"]
[BlackElo "2063"]
[PlyCount "32"]
[EventDate "2016.??.??"]
[SourceDate "2016.10.07"]

1. d4 Nf6 2. c4 e6 3. g3 d5 4. Bg2 c6 5. Nf3 dxc4 6. Ne5 Bb4+ 7. Bd2 Qxd4 8.
Bxb4 Qxe5 9. Bd6 Qxb2 10. Na3 c3 11. Nc2 Qb6 12. O-O Nbd7 13. e4 Qd8 14. Qe2 b5
15. Nd4 Qb6 16. Rfd1 Ba6 0-1

[Event "SG Turm Raesfeld/Erle 1 - SF Olfen 1"]
[Site "Regionalliga 2016/2017"]
[Date "2016.11.19"]
[Round "3.3"]
[White "Beutelhoff, Josef"]
[Black "Gesing, Felix"]
[Result "1/2-1/2"]
[WhiteElo "1982"]
[BlackElo "1960"]
[PlyCount "29"]
[EventDate "2016.??.??"]
[SourceDate "2016.10.07"]

1. c4 Nf6 2. g3 g6 3. Nc3 Bg7 4. d4 O-O 5. Bg2 d6 6. Nf3 Nbd7 7. O-O c6 8. e4
Qc7 9. h3 e5 10. dxe5 dxe5 11. Be3 Rd8 12. Qe2 Nf8 13. Rfd1 Be6 14. b3 b6 15.
Rxd8 1/2-1/2

[Event "SG Turm Raesfeld/Erle 1 - SF Olfen 1"]
[Site "Regionalliga 2016/2017"]
[Date "2016.11.19"]
[Round "3.4"]
[White "Pollok, Ralf"]
[Black "Grawunder, Jürgen"]
[Result "1-0"]
[WhiteElo "1956"]
[BlackElo "1954"]
[PlyCount "99"]
[EventDate "2016.??.??"]
[SourceDate "2016.10.07"]

1. d4 Nf6 2. c4 c5 3. d5 b5 4. cxb5 a6 5. Nc3 axb5 6. e4 b4 7. Nb5 d6 8. Bc4
Ba6 9. Qe2 Qb6 10. a4 Nbd7 11. Nf3 Ng4 12. Bf4 f6 13. O-O g6 14. h3 Nh6 15.
Rfd1 Nf7 16. Nd2 Bg7 17. Bh2 Nfe5 18. Nc7+ Qxc7 19. Bxa6 O-O 20. f4 Nf7 21. Bb5
Ra7 22. Nc4 Nb6 23. Nxb6 Qxb6 24. Kh1 Rfa8 25. Rac1 Bh6 26. Rc4 Qd8 27. e5 fxe5
28. fxe5 Bg7 29. e6 Ne5 30. Bxe5 Bxe5 31. Rf1 Bf6 32. b3 Qf8 33. Rcf4 Qg7 34.
Qf3 Rf8 35. Bc6 Rc7 36. Qd3 Rcc8 37. a5 Bd4 38. Rf7 Rxf7 39. exf7+ Kh8 40. a6
c4 41. Qxc4 Rf8 42. Be8 Qe5 43. Qxb4 Qe3 44. Qe1 Qg5 45. a7 Qxd5 46. Qxe7 Kg7
47. Rd1 Qa5 48. Rxd4 Qa1+ 49. Kh2 Qxd4 50. a8=Q 1-0

[Event "SG Turm Raesfeld/Erle 1 - SF Olfen 1"]
[Site "Regionalliga 2016/2017"]
[Date "2016.11.19"]
[Round "3.5"]
[White "Engelkamp, Stephan"]
[Black "Pliete, Christian"]
[Result "1-0"]
[WhiteElo "1916"]
[BlackElo "1847"]
[PlyCount "67"]
[EventDate "2016.??.??"]
[SourceDate "2016.10.07"]

1. c4 Nf6 2. Nc3 d6 3. d4 Bf5 4. f3 Nbd7 5. e4 Bg6 6. Be3 e5 7. d5 Nc5 8. b4
Ncd7 9. Bd3 Be7 10. Nge2 O-O 11. O-O Nh5 12. Qd2 c6 13. Kh1 h6 14. g4 Nhf6 15.
Ng3 Nh7 16. Nce2 Bg5 17. Nf5 Bxf5 18. gxf5 Bxe3 19. Qxe3 cxd5 20. cxd5 Qg5 21.
Qf2 Nhf6 22. Rg1 Qh5 23. Rg3 Ne8 24. Bb5 Ndf6 25. Rag1 a6 26. Bxe8 Nxe8 27. Qg2
g6 28. f4 Qh4 29. Rh3 Qf6 30. Rxh6 Qg7 31. Qh3 Rc8 32. fxg6 f5 33. Rh7 Qf6 34.
Rxb7 1-0

[Event "SG Turm Raesfeld/Erle 1 - SF Olfen 1"]
[Site "Regionalliga 2016/2017"]
[Date "2016.11.19"]
[Round "3.6"]
[White "Bergemann, Martin"]
[Black "Preuß, Richard"]
[Result "1-0"]
[WhiteElo "1900"]
[BlackElo "1748"]
[PlyCount "69"]
[EventDate "2016.??.??"]
[SourceDate "2016.10.07"]

1. d4 d5 2. c4 e6 3. Nf3 Nf6 4. Nbd2 c6 5. g3 Be7 6. Bg2 Nbd7 7. O-O O-O 8. b3
Re8 9. Bb2 Qc7 10. Rc1 Nf8 11. Qc2 Ng6 12. Rfd1 Bd7 13. Ne5 Nxe5 14. dxe5 Ng4
15. Nf3 Qb6 16. c5 Qc7 17. h3 Nh6 18. g4 b6 19. Ba3 f6 20. exf6 Bxf6 21. g5 Nf5
22. gxf6 gxf6 23. e4 Ng7 24. Re1 b5 25. exd5 exd5 26. Bb2 Bf5 27. Qd2 Qf7 28.
Qh6 Bg6 29. Nd4 Rac8 30. Re3 Rxe3 31. Qxe3 Re8 32. Qd2 Qd7 33. Nxc6 Be4 34. Nb4
Nf5 35. Bxe4 1-0

[Event "SG Turm Raesfeld/Erle 1 - SF Olfen 1"]
[Site "Regionalliga 2016/2017"]
[Date "2016.11.19"]
[Round "3.7"]
[White "Boenigk, Winfried"]
[Black "Brömmel, Chris"]
[Result "0-1"]
[WhiteElo "1716"]
[BlackElo "1770"]
[PlyCount "50"]
[EventDate "2016.??.??"]
[SourceDate "2016.10.07"]

1. d4 c6 2. c4 d6 3. Nc3 Qc7 4. e4 e5 5. d5 Nf6 6. Bd3 Be7 7. h3 Na6 8. Be3 Bd7
9. f4 cxd5 10. cxd5 Nc5 11. fxe5 dxe5 12. Nf3 b5 13. a3 a6 14. b4 Nxd3+ 15.
Qxd3 Bd6 16. Rc1 Qb7 17. Bc5 Qb8 18. Nd2 O-O 19. Nb3 Nh5 20. O-O Nf4 21. Qe3 f5
22. Bxd6 Qxd6 23. Nc5 Bc8 24. Rcd1 Qg6 25. Rf3 Qxg2# 0-1

[Event "SG Turm Raesfeld/Erle 1 - SF Olfen 1"]
[Site "Regionalliga 2016/2017"]
[Date "2016.11.19"]
[Round "3.8"]
[White "Tünte, Marcel"]
[Black "Limberg, Johannes"]
[Result "1/2-1/2"]
[WhiteElo "1852"]
[BlackElo "1599"]
[PlyCount "80"]
[EventDate "2016.??.??"]
[SourceDate "2016.10.07"]

1. e4 c5 2. Nc3 e6 3. f4 Nc6 4. Bb5 Qc7 5. Bxc6 bxc6 6. d3 Nf6 7. Nf3 Be7 8.
O-O Ba6 9. Qe1 d6 10. Qg3 Nh5 11. Qh3 Nf6 12. e5 Nd5 13. Ne4 c4 14. Nxd6+ Bxd6
15. exd6 Qxd6 16. Ne5 cxd3 17. cxd3 Nb4 18. Be3 O-O 19. Rfd1 Rfd8 20. Rac1 Bb5
21. Bc5 Qd5 22. Bxb4 Qd4+ 23. Kh1 Qxb4 24. Nxc6 Bxc6 25. Rxc6 Qxb2 26. Rdc1
Qxa2 27. f5 exf5 28. Qxf5 g6 29. Qf6 Qd5 30. Rc7 Qe6 31. Qf3 Re8 32. h3 Rac8
33. Rxc8 Rxc8 34. Rxc8+ Qxc8 35. Qe3 a5 36. Qa7 Qd8 37. d4 Kf8 38. Qc5+ Ke8 39.
Qb5+ Qd7 40. Qe5+ Kf8 1/2-1/2

[Event "SC Gronau 1 - SC Klein-Berlin Rheine 1"]
[Site "Regionalliga 2016/2017"]
[Date "2016.11.19"]
[Round "3.1"]
[White "Ottens, Stephan"]
[Black "Monsma, Menno"]
[Result "1-0"]
[WhiteElo "2120"]
[BlackElo "2033"]
[PlyCount "67"]
[EventDate "2016.??.??"]
[SourceDate "2016.10.07"]

1. e4 e5 2. Nf3 Nc6 3. Bb5 a6 4. Bxc6 dxc6 5. O-O Bg4 6. h3 h5 7. d3 Qf6 8.
Nbd2 Ne7 9. Nc4 Bxf3 10. Qxf3 Qxf3 11. gxf3 Ng6 12. Kh1 Bd6 13. Rg1 Nf8 14. f4
exf4 15. Nxd6+ cxd6 16. Bxf4 Rd8 17. Be3 Rh7 18. f4 Nd7 19. f5 f6 20. Bf4 Ne5
21. d4 Nf7 22. a4 Rd7 23. a5 Re7 24. Rae1 Kd7 25. Kg2 Rh8 26. Kf3 Rh7 27. c4 c5
28. dxc5 dxc5 29. Rd1+ Kc6 30. Rd5 b6 31. Rg6 bxa5 32. e5 Rb7 33. exf6 Rb3+ 34.
Ke4 1-0

[Event "SC Gronau 1 - SC Klein-Berlin Rheine 1"]
[Site "Regionalliga 2016/2017"]
[Date "2016.11.19"]
[Round "3.2"]
[White "Langendijk, Andre"]
[Black "Brümmer, Frank"]
[Result "0-1"]
[WhiteElo "1939"]
[BlackElo "2166"]
[PlyCount "46"]
[EventDate "2016.??.??"]
[SourceDate "2016.10.07"]

1. d4 c5 2. e4 e6 3. Nf3 cxd4 4. Nxd4 a6 5. g3 Qc7 6. Bg2 Nf6 7. O-O Be7 8. Nc3
d6 9. Qe2 Nbd7 10. f4 Qb6 11. Be3 Qxb2 12. Nd5 exd5 13. exd5 Nc5 14. Rab1 Qc3
15. Nb3 Bg4 16. Bf3 Bxf3 17. Rxf3 Nxb3 18. Rxb3 Qc7 19. c4 O-O 20. Bb6 Qd7 21.
Rfe3 Rfe8 22. a4 Qxa4 23. Rb1 Bf8 0-1

[Event "SC Gronau 1 - SC Klein-Berlin Rheine 1"]
[Site "Regionalliga 2016/2017"]
[Date "2016.11.19"]
[Round "3.3"]
[White "Langhanke, Günther"]
[Black "Storck, Martin"]
[Result "0-1"]
[WhiteElo "1942"]
[BlackElo "1931"]
[PlyCount "70"]
[EventDate "2016.??.??"]
[SourceDate "2016.10.07"]

1. e4 e5 2. Bc4 Nf6 3. d3 Bc5 4. Nf3 d6 5. c3 O-O 6. Bb3 b5 7. O-O Bb6 8. h3
Be6 9. Bxe6 fxe6 10. a4 bxa4 11. Rxa4 Qe8 12. Be3 Nbd7 13. Bxb6 Nxb6 14. Ra3
Qg6 15. Nh2 Nh5 16. Qg4 Qe8 17. g3 Rf6 18. Qe2 Rg6 19. Kh1 Rxg3 20. Rg1 Nf4 21.
Qf1 Rxh3 22. Rg3 Qh5 23. Rxh3 Qxh3 24. c4 Qh5 25. Nc3 c6 26. Nd1 Nd7 27. Ne3 d5
28. Ng2 Nxg2 29. Qxg2 Nf6 30. Qf3 Qh6 31. exd5 cxd5 32. Qe3 Qxe3 33. fxe3 e4
34. c5 exd3 35. Rxd3 Ne4 0-1

[Event "SC Gronau 1 - SC Klein-Berlin Rheine 1"]
[Site "Regionalliga 2016/2017"]
[Date "2016.11.19"]
[Round "3.4"]
[White "Reinhold, Klaus"]
[Black "Brümmer, Andreas"]
[Result "0-1"]
[WhiteElo "1894"]
[BlackElo "1925"]
[PlyCount "106"]
[EventDate "2016.??.??"]
[SourceDate "2016.10.07"]

1. d4 f5 2. Bg5 g6 3. Nc3 Bg7 4. h4 h6 5. Bf4 Nf6 6. e3 O-O 7. Nf3 d6 8. d5 e5
9. dxe6 Bxe6 10. Nd4 Bf7 11. Be2 Qd7 12. Bf3 Nc6 13. Nxc6 bxc6 14. O-O Rab8 15.
Rb1 Rfe8 16. Qd3 Rb4 17. b3 Ne4 18. Bxe4 fxe4 19. Qd2 Rbb8 20. Rfd1 Qg4 21. Bg3
Be5 22. Qe2 Qf5 23. Bxe5 Rxe5 24. Rd4 Rbe8 25. Rbd1 h5 26. Ra4 Qf6 27. Rdd4 d5
28. Rxa7 R8e7 29. Qa6 Rf5 30. Nd1 Qxh4 31. Qxc6 Qg4 32. Rxc7 Rg5 33. g3 Re6 34.
Rc8+ Kg7 35. Qc5 Re8 36. Rxe8 Bxe8 37. Qc7+ Bf7 38. a4 h4 39. Qf4 Qh5 40. a5
hxg3 41. fxg3 Rg4 42. Qd6 Qh3 43. Kf2 Qh2+ 44. Ke1 Rxg3 45. Qe5+ Kh7 46. Qf4
Rg1+ 47. Qf1 Rxf1+ 48. Kxf1 Qxc2 49. b4 Be6 50. Nf2 g5 51. b5 g4 52. Nh1 Qb1+
53. Kg2 Qxb5 0-1

[Event "SC Gronau 1 - SC Klein-Berlin Rheine 1"]
[Site "Regionalliga 2016/2017"]
[Date "2016.11.19"]
[Round "3.5"]
[White "Langhans, Jörg"]
[Black "Hoge, Torsten"]
[Result "1-0"]
[WhiteElo "1907"]
[BlackElo "1899"]
[PlyCount "79"]
[EventDate "2016.??.??"]
[SourceDate "2016.10.07"]

1. e4 e6 2. d4 d5 3. Nc3 Bb4 4. exd5 exd5 5. Bd3 Nc6 6. a3 Bxc3+ 7. bxc3 Nge7
8. Qf3 Be6 9. Ne2 Qd7 10. O-O Bf5 11. Re1 O-O 12. Rb1 Bxd3 13. Qxd3 b6 14. c4
dxc4 15. Qxc4 Rfe8 16. Bb2 Na5 17. Qd3 Qf5 18. Qd1 Nd5 19. Qd3 Qxd3 20. cxd3
Re6 21. Nc3 Rd8 22. Re4 Nf6 23. Rxe6 fxe6 24. Ne4 Rd5 25. Rc1 c6 26. Kf1 Ng4
27. h3 Nh6 28. g4 Nf7 29. f4 h5 30. Ke2 Kf8 31. Ke3 hxg4 32. hxg4 Nh6 33. Kf3
Ke7 34. Re1 Nb3 35. Ng5 Kd7 36. Nxe6 c5 37. Nxg7 cxd4 38. Rh1 Rd6 39. g5 Ng8
40. Rh7 1-0

[Event "SC Gronau 1 - SC Klein-Berlin Rheine 1"]
[Site "Regionalliga 2016/2017"]
[Date "2016.11.19"]
[Round "3.6"]
[White "Reckzügel, Philipp"]
[Black "Kornick, Ulrich"]
[Result "1-0"]
[WhiteElo "1900"]
[BlackElo "1913"]
[PlyCount "61"]
[EventDate "2016.??.??"]
[SourceDate "2016.10.07"]

1. Nf3 d5 2. d4 Bf5 3. e3 Nf6 4. c4 c6 5. Nc3 e6 6. Bd3 Ne4 7. Qc2 Bb4 8. O-O
Bxc3 9. bxc3 O-O 10. a4 Nd7 11. Ba3 Re8 12. Rfc1 Ndf6 13. Ne5 Nd6 14. Bxf5 Nxf5
15. Rab1 Qc7 16. cxd5 cxd5 17. Qb3 Reb8 18. c4 Qd8 19. cxd5 exd5 20. Qc2 Ne4
21. Qc7 Qxc7 22. Rxc7 Nd2 23. Rbxb7 f6 24. Nc6 Rxb7 25. Rxb7 Rc8 26. Nxa7 Rc4
27. Rb4 Kf7 28. Rxc4 dxc4 29. Nb5 Ne7 30. Bb4 Nb1 31. Nd6+ 1-0

[Event "SC Gronau 1 - SC Klein-Berlin Rheine 1"]
[Site "Regionalliga 2016/2017"]
[Date "2016.11.19"]
[Round "3.7"]
[White "Hemmert, Michael"]
[Black "Tsoukkerman, Boris"]
[Result "1/2-1/2"]
[WhiteElo "1828"]
[BlackElo "1917"]
[PlyCount "28"]
[EventDate "2016.??.??"]
[SourceDate "2016.10.07"]

1. d4 d5 2. Bf4 Bf5 3. e3 e6 4. Bd3 Bd6 5. Nf3 Bxf4 6. exf4 Ne7 7. O-O O-O 8.
Re1 Nd7 9. Ne5 f6 10. Ng4 Re8 11. Nc3 Nf8 12. Ne3 Bxd3 13. Qxd3 c6 14. Na4 Qd6
1/2-1/2

[Event "SC Gronau 1 - SC Klein-Berlin Rheine 1"]
[Site "Regionalliga 2016/2017"]
[Date "2016.11.19"]
[Round "3.8"]
[White "Klönne, Tim"]
[Black "Hauk, Viktor"]
[Result "1/2-1/2"]
[WhiteElo "1770"]
[BlackElo "1809"]
[PlyCount "74"]
[EventDate "2016.??.??"]
[SourceDate "2016.10.07"]

1. c4 Nf6 2. Nc3 c5 3. g3 e6 4. Bg2 Nc6 5. d3 d5 6. cxd5 exd5 7. Bg5 Be6 8. Nh3
Be7 9. O-O h6 10. Bxf6 Bxf6 11. Nf4 Bxc3 12. bxc3 g5 13. Nxe6 fxe6 14. e3 h5
15. f4 g4 16. Qb3 Qd7 17. c4 d4 18. Bxc6 Qxc6 19. e4 O-O-O 20. Rab1 h4 21. Kg2
Rd7 22. Qd1 Rg7 23. Qe2 Qc7 24. Rh1 Qf7 25. Rbf1 Rh5 26. Qd1 Qg6 27. Rfg1 Rgh7
28. Rf1 a6 29. Qe2 Kb8 30. Rb1 hxg3 31. hxg3 Rh3 32. Rxh3 Rxh3 33. Rh1 Qh5 34.
Qf1 b5 35. Rxh3 Qxh3+ 36. Kf2 bxc4 37. dxc4 Qxf1+ 1/2-1/2

[Event "SK Dülmen 1 - SC Steinfurt 1"]
[Site "Regionalliga 2016/2017"]
[Date "2016.11.19"]
[Round "3.1"]
[White "Haselhorst, Helmut"]
[Black "Eiersbrock, Robin"]
[Result "1/2-1/2"]
[WhiteElo "1992"]
[BlackElo "2003"]
[PlyCount "52"]
[EventDate "2016.??.??"]
[SourceDate "2016.10.07"]

1. Nf3 Nf6 2. c4 g6 3. Nc3 Bg7 4. e4 d6 5. d4 O-O 6. Be2 Nbd7 7. O-O e5 8. Be3
a5 9. Qc2 exd4 10. Bxd4 Re8 11. Rad1 c6 12. Rfe1 Qc7 13. h3 Nc5 14. Bf1 Ne6 15.
Be3 Rb8 16. Nd4 Nxd4 17. Bxd4 Be6 18. e5 Bf5 19. exd6 Qxd6 20. Rxe8+ Nxe8 21.
Qd2 Rd8 22. Be3 Bxc3 23. bxc3 Qxd2 24. Rxd2 Rxd2 25. Bxd2 Nd6 26. f3 Be6
1/2-1/2

[Event "SK Dülmen 1 - SC Steinfurt 1"]
[Site "Regionalliga 2016/2017"]
[Date "2016.11.19"]
[Round "3.2"]
[White "Grund, Wolfgang"]
[Black "Engels, Natia"]
[Result "1/2-1/2"]
[WhiteElo "1898"]
[BlackElo "2042"]
[PlyCount "89"]
[EventDate "2016.??.??"]
[SourceDate "2016.10.07"]

1. e4 c5 2. Nf3 Nc6 3. d4 cxd4 4. Nxd4 g6 5. Nxc6 bxc6 6. Qd4 Nf6 7. e5 Nd5 8.
e6 Nf6 9. exf7+ Kxf7 10. Be2 Bg7 11. Qc4+ e6 12. O-O a5 13. Nc3 Rf8 14. Bf4 Ba6
15. Qa4 Qe7 16. Rad1 Bxe2 17. Nxe2 Nd5 18. c3 Kg8 19. Bg3 e5 20. Qe4 Rae8 21.
f3 Bh6 22. Bf2 Rb8 23. b3 Qe6 24. c4 Nf6 25. Qh4 Bg7 26. Bc5 d5 27. Bxf8 Bxf8
28. cxd5 Bc5+ 29. Kh1 cxd5 30. Rc1 Be3 31. Rc2 Qd6 32. Rc3 d4 33. Rd3 Qa6 34.
Rfd1 Re8 35. Ng3 Bf2 36. Qh6 Bxg3 37. hxg3 Nd5 38. Qd2 Nb4 39. Kg1 Rc8 40. Qe2
Nxd3 41. Rxd3 Rc3 42. Qxe5 Rxd3 43. Qe8+ Kg7 44. Qe7+ Kh6 45. Qh4+ 1/2-1/2

[Event "SK Dülmen 1 - SC Steinfurt 1"]
[Site "Regionalliga 2016/2017"]
[Date "2016.11.19"]
[Round "3.4"]
[White "Rebber, Christian"]
[Black "Freitag, Julia"]
[Result "0-1"]
[WhiteElo "1891"]
[BlackElo "2076"]
[PlyCount "64"]
[EventDate "2016.??.??"]
[SourceDate "2016.10.07"]

1. b4 d5 2. Bb2 e6 3. e3 f5 4. Nf3 Nf6 5. b5 Bd6 6. a4 O-O 7. c4 Nbd7 8. Nc3 a6
9. Be2 axb5 10. axb5 Rxa1 11. Qxa1 dxc4 12. Bxc4 Nb6 13. Bb3 Qe8 14. Nd4 Kh8
15. f4 e5 16. fxe5 Bxe5 17. O-O Bxd4 18. exd4 Qh5 19. h3 Qg5 20. d3 Qe3+ 21.
Rf2 Qxd3 22. Bc2 Qg3 23. Bxf5 Bxf5 24. Rxf5 Qe3+ 25. Kh1 Ra8 26. Qf1 Qxd4 27.
Nd1 Qc4 28. Rxf6 Qxf1+ 29. Rxf1 Kg8 30. Re1 Nc4 31. Bc3 Rd8 32. Kh2 Na3 0-1

[Event "SK Dülmen 1 - SC Steinfurt 1"]
[Site "Regionalliga 2016/2017"]
[Date "2016.11.19"]
[Round "3.5"]
[White "Wild, Helmut"]
[Black "Schlütermann, Philipp"]
[Result "1/2-1/2"]
[WhiteElo "1922"]
[BlackElo "1835"]
[PlyCount "48"]
[EventDate "2016.??.??"]
[SourceDate "2016.10.07"]

1. c4 f5 2. g3 Nf6 3. Bg2 e6 4. Nc3 d5 5. cxd5 exd5 6. e3 c6 7. Nge2 Bd6 8. a3
O-O 9. d3 Nbd7 10. b4 b5 11. O-O Nb6 12. Bb2 Be5 13. Qc2 Re8 14. a4 bxa4 15.
Nxa4 Bxb2 16. Nxb2 Qd6 17. Nd4 Bd7 18. Qc5 Qf8 19. Nxc6 Qxc5 20. bxc5 Bxc6 21.
cxb6 axb6 22. Nc4 dxc4 23. Bxc6 Rxa1 24. Rxa1 Rc8 1/2-1/2

[Event "SK Dülmen 1 - SC Steinfurt 1"]
[Site "Regionalliga 2016/2017"]
[Date "2016.11.19"]
[Round "3.6"]
[White "Lödding, Detlef"]
[Black "Arning, Marcus"]
[Result "1-0"]
[WhiteElo "1873"]
[BlackElo "1839"]
[PlyCount "119"]
[EventDate "2016.??.??"]
[SourceDate "2016.10.07"]

1. c4 g6 2. g3 Bg7 3. Bg2 e5 4. Nc3 Nc6 5. e3 d6 6. Nge2 Nge7 7. a3 O-O 8. O-O
Rb8 9. b4 a6 10. Bb2 b5 11. cxb5 axb5 12. Rc1 Qe8 13. d4 Kh8 14. Nd5 Nxd5 15.
Bxd5 Ne7 16. Bg2 c6 17. dxe5 dxe5 18. Qd6 Bg4 19. Rc2 Rd8 20. Qc5 f6 21. Nc3
Be6 22. Ne4 Bb3 23. Rcc1 Qd7 24. Qc3 Bc4 25. Nc5 Qd2 26. Rfe1 Qxc3 27. Bxc3 Kg8
28. a4 bxa4 29. Nxa4 Nd5 30. Nc5 Nxc3 31. Rxc3 Bd5 32. Bxd5+ Rxd5 33. Ne6 Rc8
34. Rec1 Rd6 35. Nxg7 Kxg7 36. b5 c5 37. Rxc5 Rb8 38. Rc6 Rd5 39. Rc7+ Kh6 40.
Rf7 Rdxb5 41. Rxf6 R8b7 42. Kg2 Rd7 43. h4 Ra7 44. Rc2 Rd7 45. Rfc6 Kg7 46. Rc7
Rbd5 47. Kf3 Kf6 48. Rxd7 Rxd7 49. Ke4 Re7 50. Rc6+ Kf7 51. g4 Ra7 52. Kxe5 Ra2
53. Rc7+ Kg8 54. f3 Rf2 55. Kf4 Rh2 56. Kg3 Ra2 57. e4 Re2 58. Kf4 Rh2 59. Kg5
Rf2 60. f4 1-0

[Event "SK Dülmen 1 - SC Steinfurt 1"]
[Site "Regionalliga 2016/2017"]
[Date "2016.11.19"]
[Round "3.7"]
[White "Janning, Rainer"]
[Black "Gehlen, Horst"]
[Result "1-0"]
[WhiteElo "1887"]
[BlackElo "1619"]
[PlyCount "133"]
[EventDate "2016.??.??"]
[SourceDate "2016.10.07"]

1. f4 d5 2. e3 Nf6 3. Nf3 Bg4 4. h3 Bxf3 5. Qxf3 Nbd7 6. d4 e6 7. Bd3 c5 8. c3
Bd6 9. g4 g6 10. Nd2 cxd4 11. exd4 Qc7 12. Nf1 O-O-O 13. Be3 Kb8 14. O-O-O Rc8
15. Rh2 Nb6 16. Rc2 Nc4 17. Bxc4 Qxc4 18. Kb1 Ne4 19. Nd2 Nxd2+ 20. Bxd2 Rc6
21. Qf1 Qa4 22. f5 gxf5 23. gxf5 e5 24. b3 Qa3 25. dxe5 Bxe5 26. Bf4 Qd6 27.
Bxe5 Qxe5 28. Qd3 Rhc8 29. Kb2 d4 30. Qxd4 Qxf5 31. Rd3 Qc5 32. Qf4+ R6c7 33.
Rd7 Ka8 34. Qxf7 Rxd7 35. Qxd7 h5 36. b4 Qc4 37. Qf5 h4 38. Qf6 a6 39. Rd2 Kb8
40. a4 Ka8 41. Qd4 Qc7 42. Qf6 Qg3 43. Rd8 Qxh3 44. Rxc8+ Qxc8 45. Qxh4 Qc6 46.
Qd8+ Ka7 47. Qd4+ Ka8 48. a5 Qg2+ 49. Kb3 Qg8+ 50. Qc4 Qg6 51. Qd5 Qb1+ 52. Kc4
Qf1+ 53. Kc5 Qb5+ 54. Kd6 Qe8 55. Kc7 Qb8+ 56. Kd7 Qg3 57. c4 Qg7+ 58. Kc8 Qf8+
59. Kc7 Qb8+ 60. Kd7 Qf8 61. c5 Qg7+ 62. Kc8 Qg4+ 63. Kc7 Qf4+ 64. Qd6 Qf7+ 65.
Kb6 Qe8 66. c6 Qc8 67. Qd7 1-0

[Event "SK Dülmen 1 - SC Steinfurt 1"]
[Site "Regionalliga 2016/2017"]
[Date "2016.11.19"]
[Round "3.8"]
[White "Tecklenborg, Georg"]
[Black "Schlitter, Klaus"]
[Result "1-0"]
[WhiteElo "1737"]
[BlackElo "1884"]
[PlyCount "113"]
[EventDate "2016.??.??"]
[SourceDate "2016.10.07"]

1. e4 e6 2. d4 d5 3. exd5 exd5 4. Bd3 Bd6 5. Nf3 Ne7 6. O-O Nbc6 7. c3 Bg4 8.
Nbd2 Qd7 9. b4 a6 10. Re1 O-O 11. Qc2 Bf5 12. Nf1 Bxd3 13. Qxd3 Qf5 14. Qxf5
Nxf5 15. g4 Nfe7 16. Ne5 f6 17. Nd7 Rf7 18. Nc5 Nd8 19. Ne3 b6 20. Nd3 Ne6 21.
Nf5 Nxf5 22. Rxe6 Nh4 23. Nf4 Nf3+ 24. Kg2 Ng5 25. Re1 Bxf4 26. Bxf4 Ne4 27.
Rac1 Kf8 28. f3 Nd6 29. Re6 Nc4 30. Rce1 a5 31. R1e2 axb4 32. cxb4 Rd7 33. Rc6
Rc8 34. a4 Kf7 35. Ra2 Nd6 36. Bxd6 Rxd6 37. Rxd6 cxd6 38. a5 bxa5 39. bxa5 Ra8
40. a6 Ra7 41. Ra5 Ke6 42. f4 Kd7 43. Kf3 Kc6 44. h4 g6 45. f5 Kd7 46. Kf4 Ke7
47. fxg6 hxg6 48. h5 g5+ 49. Kf5 Kf7 50. h6 Rc7 51. Rxd5 Rc1 52. Rxd6 Rf1+ 53.
Ke4 Re1+ 54. Kd5 f5 55. gxf5 g4 56. Rg6 g3 57. h7 1-0

[Event "SK Münster 3 - Schach Nienberge 1"]
[Site "Regionalliga 2016/2017"]
[Date "2016.11.19"]
[Round "3.1"]
[White "Kemper, Georg"]
[Black "Borrink, Jörn"]
[Result "0-1"]
[WhiteElo "1919"]
[BlackElo "2098"]
[PlyCount "68"]
[EventDate "2016.??.??"]
[SourceDate "2016.10.07"]

1. d4 d5 2. c4 e6 3. Nf3 Nf6 4. g3 c6 5. Bg2 Be7 6. Nbd2 O-O 7. O-O Nbd7 8. Qc2
b5 9. cxb5 cxb5 10. Nb3 Bb7 11. Nc5 Qb6 12. b4 a5 13. bxa5 Rxa5 14. Nxb7 Qxb7
15. Bf4 Rc8 16. Qb3 Qa6 17. Bd2 Ra3 18. Qb2 Ne4 19. Bb4 Bxb4 20. Qxb4 Ra4 21.
Qb2 Nb6 22. Rfc1 Nc4 23. Qc2 f6 24. Ne1 Ncd6 25. Qb2 Rxc1 26. Qxc1 Rxd4 27. f3
Rc4 28. Qe3 Nf5 29. Qd3 Qb6+ 30. e3 Nxe3 31. fxe4 Ng4+ 32. Kh1 Nf2+ 33. Kg1
Nh3+ 34. Kh1 Qg1# 0-1

[Event "SK Münster 3 - Schach Nienberge 1"]
[Site "Regionalliga 2016/2017"]
[Date "2016.11.19"]
[Round "3.2"]
[White "Baumann, Stephan"]
[Black "Gottkehaskamp, Philipp"]
[Result "0-1"]
[WhiteElo "2003"]
[BlackElo "1926"]
[PlyCount "80"]
[EventDate "2016.??.??"]
[SourceDate "2016.10.07"]

1. e4 c5 2. Nc3 Nc6 3. Bb5 Nd4 4. Bc4 a6 5. Nge2 b5 6. Bd5 Rb8 7. d3 e6 8. Bb3
Nxb3 9. axb3 Bb7 10. O-O Nf6 11. f4 d5 12. e5 d4 13. exf6 dxc3 14. Nxc3 Qd4+
15. Kh1 gxf6 16. Qe2 Rg8 17. Ne4 f5 18. c3 Qg7 19. Ng3 Be7 20. Rf2 h5 21. Kg1
Bh4 22. Be3 Bxg3 23. hxg3 Rc8 24. Kf1 Qxg3 25. Ke1 h4 26. Kd2 Rg4 27. Rh1 Bxg2
28. Rxh4 Qxh4 29. Rxg2 Rxg2 30. Qxg2 Qe7 31. Kc2 Kd8 32. d4 c4 33. b4 Kc7 34.
Qg7 Rd8 35. Bf2 Rd7 36. Qg2 Qd6 37. Be3 Qd5 38. Qg3 Qe4+ 39. Kc1 Rd8 40. Qh3
Rg8 0-1

[Event "SK Münster 3 - Schach Nienberge 1"]
[Site "Regionalliga 2016/2017"]
[Date "2016.11.19"]
[Round "3.3"]
[White "Haas, Kai Markus"]
[Black "Rehfeldt, Frank"]
[Result "0-1"]
[WhiteElo "1948"]
[BlackElo "2113"]
[PlyCount "148"]
[EventDate "2016.??.??"]
[SourceDate "2016.10.07"]

1. e4 c6 2. d3 d5 3. Nd2 Nf6 4. Ngf3 g6 5. g3 Bg7 6. Bg2 O-O 7. O-O dxe4 8.
dxe4 Nbd7 9. Re1 Nc5 10. Qe2 b6 11. h3 Ba6 12. Qe3 Qc7 13. Qa3 Bb7 14. Nh4 e5
15. Qe3 Rad8 16. b3 Ne6 17. Bb2 Nd4 18. Rac1 Kh8 19. c3 Ne6 20. Rcd1 Ba6 21.
Nc4 Bxc4 22. bxc4 Rxd1 23. Rxd1 Rd8 24. Qe2 Nc5 25. Rxd8+ Qxd8 26. Bc1 Qd3 27.
Qxd3 Nxd3 28. Ba3 Ne1 29. f3 Nd7 30. Bc1 Bf6 31. Bd2 Nd3 32. Bf1 Bxh4 33. gxh4
Nf4 34. Kf2 Kg7 35. Kg3 Nh5+ 36. Kf2 Kf6 37. Be2 Nf4 38. Bd1 Nc5 39. Bc2 Ke6
40. a3 Kd6 41. Be3 f6 42. Bd2 Nfd3+ 43. Ke2 Nb2 44. Bh6 Ke7 45. Be3 Kd6 46. Bh6
Ke7 47. Be3 Nxc4 48. Bxc5+ bxc5 49. a4 a5 50. Bb3 Nd6 51. Bc2 Kf7 52. Kf2 Kg7
53. Bb3 Kh6 54. Be6 Kh5 55. Bg8 h6 56. Kg3 f5 57. exf5 Nxf5+ 58. Kf2 Kxh4 59.
Bf7 Kg5 60. Be6 Kf4 61. Bd7 Ne7 62. Be8 g5 63. Bd7 Nd5 64. Bxc6 Nxc3 65. Bb5 h5
66. Be8 h4 67. Bd7 Nd1+ 68. Ke2 Ne3 69. Kf2 Nc2 70. Be6 Ne3 71. Bd7 c4 72. Bc6
c3 73. Ke2 c2 74. Kd2 Kg3 0-1

[Event "SK Münster 3 - Schach Nienberge 1"]
[Site "Regionalliga 2016/2017"]
[Date "2016.11.19"]
[Round "3.4"]
[White "Wingenfeld, Klaus"]
[Black "Gottkehaskamp, Stefan"]
[Result "1/2-1/2"]
[WhiteElo "1888"]
[BlackElo "1974"]
[PlyCount "31"]
[EventDate "2016.??.??"]
[SourceDate "2016.10.07"]

1. e4 Nf6 2. e5 Nd5 3. d4 d6 4. Nf3 dxe5 5. Nxe5 c6 6. c4 Nb4 7. a3 Qxd4 8.
axb4 Qxe5+ 9. Be2 e6 10. c5 Qd5 11. O-O Qxd1 12. Rxd1 Be7 13. Bf4 Nd7 14. Nc3
O-O 15. Bd6 Bxd6 16. Rxd6 1/2-1/2